[Event "EU-ch 23rd"]
[Site "Vrnjacka Banja"]
[Date "2023.03.06"]
[Round "4"]
[White "Tudor, Henry Edward"]
[Black "Orlovic, Lucie"]
[Result "1-0"]
[WhiteElo "2201"]
[BlackElo "1004"]
[PlyCount "41"]
[EventDate "2023.03.03"]
[EventType "swiss"]
[EventRounds "11"]
[EventCountry "SRB"]
[SourceTitle "CBM 213"]
[Source "ChessBase"]
[SourceDate "2023.04.30"]
[SourceVersion "1"]
[SourceVersionDate "2023.04.30"]
[SourceQuality "1"]

1. d4 d5 2. c4 Nf6 3. cxd5 Nxd5 4. Nf3 Bf5 5. Nbd2 h6 6. e4 Qd7 7. Ne5 Qe6 8. exd5 Qxd5 9. Bc4 Qd6 10. Nxf7 Qf6 11. Nxh8 e6 12. 0-0 Be7 13. Re1 a6 14. Qb3 b5 15. Bxe6 Bxe6 16. Rxe6 Qf5 17. Re5 Qf6 18. Qg8+ Kd7 19. Ne4 Qb6 20. Nc5+ Kd6 21. Qd5# 1-0

[Event "Muret Seniors op 14th"]
[Site "Muret"]
[Date "2015.06.22"]
[Round "3"]
[White "Riviere, Gerard"]
[Black "Orlovic, Lucie"]
[Result "1-0"]
[WhiteElo "1837"]
[BlackElo "1019"]
[PlyCount "45"]
[EventDate "2015.06.22"]
[EventType "swiss"]
[EventRounds "7"]
[EventCountry "FRA"]
[SourceTitle "EXT 2016"]
[Source "ChessBase"]
[SourceDate "2015.10.08"]
[SourceVersion "1"]
[SourceVersionDate "2015.10.08"]
[SourceQuality "1"]

1. d4 d5 2. Nf3 Nf6 3. g3 g6 4. Bg2 Bg7 5. c4 b6 6. cxd5 Nxd5 7. 0-0 0-0 8. e4 Nf6 9. Nc3 Nfd7 10. Bf4 Re8 11. Rc1 e6 12. Nb5 Na6 13. Bxc7 Qe7 14. Bd6 Qd8 15. e5 f6 16. Nc7 Nxc7 17. Bxc7 Qe7 18. Bd6 Qf7 19. Rc7 f5 20. Ng5 Ba6 21. Re1 Qf8 22. Bxf8 Kxf8 23. Bxa8 1-0